[Event "WY Girls-U18"]
[Site "Porto Carras GRE"]
[Date "2010.10.24"]
[Round "6.2"]
[White "Cori T., Deysi"]
[Black "Travkina, Anastasia"]
[Result "1-0"]
[WhiteTitle "WGM"]
[BlackTitle "WFM"]
[WhiteElo "2368"]
[BlackElo "2189"]
[WhiteFideId "3801934"]
[BlackFideId "24129151"]
[EventDate "2010.10.20"]

1. d4 d5 2. Nf3 Nf6 3. c4 c6 4. Nc3 e6 5. e3 Bd6 6. Bd3 dxc4 7. Bxc4 b5 8. Bd3
Nbd7 9. a4 b4 10. Ne4 Nxe4 11. Bxe4 Bb7 12. a5 a6 13. Nd2 Rb8 14. Nc4 Be7 15.
O-O O-O 16. Bf3 c5 17. Bxb7 Rxb7 18. d5 exd5 19. Qxd5 Qc7 20. e4 Nf6 21. Qf5 Qd7
22. Qf3 Qb5 23. b3 Rd7 24. Bb2 Rfd8 25. e5 Rd3 26. exf6 Rxf3 27. fxe7 Rfd3 28.
exd8=Q+ Rxd8 29. Rad1 Rxd1 30. Rxd1 h6 31. Rd8+ Kh7 32. h3 Qb7 33. Rd3 Qe4 34.
Rg3 f6 35. Re3 Qb1+ 36. Kh2 Qc2 37. Rf3 Qe2 38. Bc1 Qd1 39. Bf4 Qd5 40. Bc7 Qc6
41. Bd6 Qd5 42. Rg3 Kg8 43. Re3 Qf5 44. Bg3 Qd5 45. Nd6 Kh7 46. h4 h5 47. Ne8 c4
48. Re7 Kh8 49. bxc4 Qxc4 50. Rxg7 b3 51. Rb7 Qc3 52. Rb8 Kh7 53. Rb6 b2 54.
Nxf6+ Kh8 55. Ne4 Qd4 56. Rb8+ Kg7 57. Ng5 Qc3 58. Nf3 Qxa5 59. Rxb2 Qd5 60. Re2
a5 61. Re5 Qd8 62. Rg5+ Kf7 63. Ne5+ Kf6 64. Nc6 Qd2 65. Nxa5 Kf7 66. Nc4 Qd1
67. Ne5+ Kf8 68. Nf3 1-0

[Event "WY Girls-U18"]
[Site "Porto Carras GRE"]
[Date "2010.10.24"]
[Round "6.3"]
[White "Tsatsalashvili, Keti"]
[Black "Bezgodova, Maria"]
[Result "1/2-1/2"]
[WhiteTitle "WIM"]
[BlackTitle "WFM"]
[WhiteElo "2266"]
[BlackElo "2170"]
[WhiteFideId "13603434"]
[BlackFideId "24111260"]
[EventDate "2010.10.20"]

1. d4 d5 2. c4 e6 3. Nf3 c5 4. e3 Nc6 5. Nc3 Nf6 6. Be2 Bd6 7. O-O O-O 8. Nb5
Be7 9. dxc5 Bxc5 10. a3 a6 11. Nbd4 Ne4 12. cxd5 exd5 13. Nxc6 bxc6 14. Qc2 Qb6
15. Bd3 Nf6 16. b4 Be7 17. Bb2 Bd7 18. Ne5 Qb7 19. Rfc1 a5 20. Nxd7 Qxd7 21.
Bxf6 Bxf6 22. Bxh7+ Kh8 23. Bf5 Qe7 24. Rab1 g6 25. Bg4 axb4 26. axb4 Ra6 27.
Qc5 Rb8 28. h3 Qxc5 29. bxc5 Rxb1 30. Rxb1 Ra5 31. Rb7 Kg8 32. Bd7 Kf8 33. Bxc6
Rxc5 34. Ba4 Rc1+ 35. Kh2 d4 36. Bb3 Rc7 37. Rxc7 Be5+ 38. Kg1 Bxc7 39. exd4 Bb6
40. d5 Bc5 41. Kf1 Ke7 42. Ke2 Kd6 43. f4 Bd4 44. Kd3 Bc5 45. Ba4 Ke7 46. Ke4 f6
47. Kf3 Kf7 48. Bb3 Ke7 49. Kg4 f5+ 50. Kf3 Kf6 51. h4 Bd6 52. Ba4 Ke7 53. Bc6
Bb8 54. Bb7 Kf6 55. Bc8 Bd6 56. Be6 Bc7 57. Bd7 Ke7 58. Ba4 Bd6 59. Bc2 Kf6 60.
g4 fxg4+ 61. Kxg4 Bc7 62. f5 gxf5+ 63. Bxf5 Kg7 64. h5 Be5 65. Be4 Kh8 66. Kf5
Bh2 67. Ke6 Bg3 68. h6 1/2-1/2

[Event "WY Girls-U18"]
[Site "Porto Carras GRE"]
[Date "2010.10.24"]
[Round "6.4"]
[White "Haast, Anne"]
[Black "Iordanidou, Zoi"]
[Result "0-1"]
[WhiteTitle "WIM"]
[WhiteElo "2256"]
[BlackElo "2152"]
[WhiteFideId "1017292"]
[BlackFideId "4209192"]
[EventDate "2010.10.20"]

1. e4 d5 2. exd5 Qxd5 3. Nc3 Qa5 4. d4 c6 5. Bd3 Nf6 6. Bd2 Bg4 7. Nge2 e6 8. h3
Bh5 9. Qc1 Bg6 10. Ne4 Qd8 11. Nxf6+ gxf6 12. Bxg6 hxg6 13. O-O Bd6 14. c4 Nd7
15. Nc3 Qe7 16. Re1 O-O-O 17. c5 Bc7 18. b4 Nb8 19. Be3 g5 20. b5 g4 21. hxg4 f5
22. Rb1 Qh4 23. Kf1 Qxg4 0-1

[Event "WY Girls-U18"]
[Site "Porto Carras GRE"]
[Date "2010.10.24"]
[Round "6.5"]
[White "Vo, Thi Kim Phung"]
[Black "Kulon, Klaudia"]
[Result "1-0"]
[WhiteTitle "WIM"]
[BlackTitle "WFM"]
[WhiteElo "2147"]
[BlackElo "2196"]
[WhiteFideId "12401838"]
[BlackFideId "1131044"]
[EventDate "2010.10.20"]

1. d4 Nf6 2. c4 e6 3. Nf3 c5 4. d5 exd5 5. cxd5 d6 6. Nc3 g6 7. a4 a6 8. Bf4 Qe7
9. Nd2 Bg7 10. h3 Nh5 11. Bh2 Nd7 12. g4 Nhf6 13. Nc4 Ne5 14. Bxe5 dxe5 15. d6
Qe6 16. Nb6 Rb8 17. e3 Bf8 18. g5 Nd7 19. Nxd7 Bxd7 20. Ne4 Bc6 21. Nf6+ Kd8 22.
Rg1 h6 23. h4 hxg5 24. hxg5 Bxd6 25. Qc2 Ke7 26. Bc4 Qf5 27. Bd3 Qc8 28. O-O-O
Rh4 29. f4 b6 30. Bxg6 Qh3 31. Rge1 Qg3 32. Be4 Rh2 33. Qd3 Rd8 34. Bxc6 Qf2 35.
Qc3 exf4 36. Ng4 1-0

[Event "WY Girls-U18"]
[Site "Porto Carras GRE"]
[Date "2010.10.24"]
[Round "6.6"]
[White "Warakomska, Anna"]
[Black "Havlikova, Kristyna"]
[Result "1/2-1/2"]
[WhiteTitle "WFM"]
[BlackTitle "WIM"]
[WhiteElo "2188"]
[BlackElo "2318"]
[WhiteFideId "1130790"]
[BlackFideId "309672"]
[EventDate "2010.10.20"]

1. e4 c5 2. Nf3 Nc6 3. d4 cxd4 4. Nxd4 g6 5. c4 Nf6 6. Nc3 Nxd4 7. Qxd4 d6 8.
Be2 Bg7 9. Be3 O-O 10. Qd2 a5 11. Rd1 a4 12. e5 Ng4 13. exd6 Nxe3 14. Qxe3 exd6
15. O-O Be6 16. b3 axb3 17. axb3 Bxc3 18. Qxc3 Qb6 19. Ra1 Rfc8 20. Qf3 Rd8 21.
Qc3 Rdc8 1/2-1/2

[Event "WY Girls-U18"]
[Site "Porto Carras GRE"]
[Date "2010.10.24"]
[Round "6.7"]
[White "Grigorian, Marine"]
[Black "Bhakti, Kulkarni"]
[Result "1/2-1/2"]
[WhiteTitle "WFM"]
[BlackTitle "CM"]
[WhiteElo "2178"]
[BlackElo "2294"]
[WhiteFideId "4124260"]
[BlackFideId "5019516"]
[EventDate "2010.10.20"]

1. e4 c5 2. Nc3 g6 3. f4 Bg7 4. Nf3 Nc6 5. Bb5 Nd4 6. Bc4 e6 7. O-O Ne7 8. d3
O-O 9. a3 d5 10. Ba2 b5 11. Nxd4 Bxd4+ 12. Kh1 Bxc3 13. bxc3 dxe4 14. c4 exd3
15. cxb5 Nf5 16. Qxd3 Bb7 17. Qe2 Qd4 18. Rb1 Rad8 19. Bb2 Qe3 20. Rf2 Qxe2 21.
Rxe2 Nd4 22. Rf2 Nxb5 23. a4 Nd4 24. Ba3 Be4 25. Bxc5 Rfe8 26. Rc1 a6 27. c3 Nf5
28. Kg1 Rc8 29. Bb4 Ne7 30. c4 Nc6 31. Bd6 Nd4 32. c5 Nf5 33. Be5 Rc6 34. Re2
Bd5 35. Bxd5 exd5 36. Rd2 f6 37. Bb2 Ne3 38. Re2 Re4 39. Rce1 Nc4 40. Rxe4 dxe4
41. Bd4 Re6 42. Kf2 Na5 43. Rb1 Nc6 44. Bc3 Kf7 45. g4 Ne7 46. Rb7 Ke8 47. Rb6
Kf7 48. Rb7 1/2-1/2

[Event "WY Girls-U18"]
[Site "Porto Carras GRE"]
[Date "2010.10.24"]
[Round "6.8"]
[White "Hoang, Thi Nhu Y"]
[Black "Zakoscielna, Kinga"]
[Result "1-0"]
[WhiteTitle "WIM"]
[BlackTitle "WFM"]
[WhiteElo "2214"]
[BlackElo "2134"]
[WhiteFideId "12401455"]
[BlackFideId "1134680"]
[EventDate "2010.10.20"]

1. c4 c5 2. Nc3 Nc6 3. g3 g6 4. Bg2 Bg7 5. Nf3 e6 6. d3 Nge7 7. O-O O-O 8. Bd2
d5 9. cxd5 exd5 10. Rc1 b6 11. a3 Bb7 12. Na4 Nf5 13. b4 cxb4 14. axb4 Re8 15.
e3 Qd7 16. Qb3 Ne5 17. Nxe5 Bxe5 18. d4 Bg7 19. Nc3 Red8 20. b5 Ne7 21. Ra1 Qd6
22. Rfb1 Bc8 23. Ra4 Bf5 24. Rba1 Rd7 25. R1a3 Be6 26. Qa2 Nc8 27. Qa1 Bf8 28.
e4 Qb8 29. exd5 Bf5 30. d6 Bxd6 31. Ra2 Be6 32. Ne4 Kg7 33. d5+ Be5 34. dxe6
Rxd2 35. Qb1 Rxa2 36. Rxa2 Qc7 37. Nd6 Qxd6 38. Bxa8 Qxe6 39. Re2 Nd6 40. Bc6
Qf6 41. Qa2 h5 42. Qxa7 Bd4 43. Kg2 Qf5 44. Qd7 Qc5 45. Qe7 Bf6 46. Qe3 Bd4 47.
Qd3 Nf5 48. Be4 Nd6 49. Rc2 Qe5 50. Bc6 Nf5 51. Qe4 Qf6 52. Rd2 Bc5 53. Qf3 Qe5
54. Rd5 Qe7 55. Rd7 Qe6 56. Qd5 Qf6 57. Qf3 Qe6 58. Ra7 Ne7 59. Qc3+ Kh7 60. Ra8
Ng8 61. Qd3 Qf6 62. Qf3 Qe7 63. Re8 Qc7 64. Re2 Kg7 65. Qc3+ Kh7 66. Ra2 Qe7 67.
Rd2 Qe6 68. Rd5 Qe7 69. Qe5 Qa7 70. Rd7 Qa2 71. Qf4 Ne7 72. Bd5 Nxd5 73. Qxf7+
Kh6 74. Rxd5 Qa8 75. Qf3 Qe8 76. Qf4+ Kh7 77. Qd2 Qxb5 78. Rd7+ 1-0

[Event "WY Girls-U18"]
[Site "Porto Carras GRE"]
[Date "2010.10.24"]
[Round "6.9"]
[White "Efroimski, Marsel"]
[Black "Rakhmangulova, Anastasiya"]
[Result "0-1"]
[WhiteTitle "WFM"]
[WhiteElo "2244"]
[BlackElo "2153"]
[WhiteFideId "2810964"]
[BlackFideId "14117479"]
[EventDate "2010.10.20"]

1. e4 d5 2. exd5 Qxd5 3. Nc3 Qd6 4. d4 Nf6 5. Nf3 Bg4 6. h3 Bh5 7. Nb5 Qb6 8.
Bf4 Nd5 9. Bc1 c6 10. c4 Nb4 11. a3 Bxf3 12. gxf3 cxb5 13. axb4 bxc4 14. Qa4+
Nc6 15. Bxc4 Qxb4+ 16. Qxb4 Nxb4 17. O-O e6 18. Bd2 Nc6 19. d5 Nd4 20. Bc3 Nxf3+
21. Kg2 Nh4+ 22. Kh1 f6 23. dxe6 Bc5 24. Rfd1 Rd8 25. Rxd8+ Kxd8 26. Rd1+ Kc8
27. b4 Bb6 28. Bb5 Nf5 29. Rd7 Rd8 30. Bd3 Nh4 31. Rxg7 Rxd3 32. Rg8+ Rd8 33.
Rg1 Ng6 34. Rc1 Bc7 35. Bxf6 Re8 36. Re1 Nf4 37. e7 Nxh3 38. Bh4 Nf4 39. Re4 Ng6
40. Bg5 Bd6 41. f4 Nxe7 42. f5 Kd7 43. f6 Nf5 44. Rg4 h6 45. Bd2 Ke6 46. Bc3 Be5 0-1

[Event "WY Girls-U18"]
[Site "Porto Carras GRE"]
[Date "2010.10.24"]
[Round "6.10"]
[White "Purgar, Ivona"]
[Black "Hejazipour, Mitra"]
[Result "1/2-1/2"]
[WhiteTitle "WFM"]
[BlackTitle "WFM"]
[WhiteElo "2091"]
[BlackElo "2239"]
[WhiteFideId "14514451"]
[BlackFideId "12505951"]
[EventDate "2010.10.20"]

1. e4 c5 2. Nf3 e6 3. d4 cxd4 4. Nxd4 a6 5. Bd3 Nf6 6. O-O Qc7 7. Qe2 d6 8. c4
g6 9. Nc3 Bg7 10. Nf3 Nc6 11. h3 O-O 12. Be3 Nd7 13. Rac1 Nde5 14. Nxe5 Nxe5 15.
Rfd1 b6 16. f4 Nd7 17. Bb1 Rd8 18. Qd2 Bf8 19. b3 Bb7 20. f5 Be7 21. Qf2 Bc6 22.
Nd5 Bxd5 23. cxd5 Qb7 24. dxe6 fxe6 25. fxe6 Rf8 26. Qg3 Ne5 27. Bf4 Rac8 28.
Bxe5 Rxc1 29. Rxc1 dxe5 30. Qxe5 Bc5+ 31. Kh1 Qe7 32. Bd3 Bd6 33. Qd5 Rd8 34.
Rf1 Bb8 35. Rf7 Rxd5 36. Rxe7 Rd8 37. Rb7 b5 38. g4 Be5 39. e7 Re8 40. Ra7 b4
41. Bxa6 Bd6 42. e5 Bxe7 43. Bb5 Bc5 44. Bxe8 Bxa7 45. e6 Kf8 1/2-1/2

[Event "WY Girls-U18"]
[Site "Porto Carras GRE"]
[Date "2010.10.24"]
[Round "6.11"]
[White "De Seroux, Camille"]
[Black "Pavlidou, Ekaterini"]
[Result "0-1"]
[BlackTitle "WIM"]
[WhiteElo "2020"]
[BlackElo "2191"]
[WhiteFideId "1305620"]
[BlackFideId "4213262"]
[EventDate "2010.10.20"]

1. e4 c5 2. Nf3 e6 3. d4 cxd4 4. Nxd4 Nf6 5. Nc3 Nc6 6. Ndb5 Bc5 7. Bf4 O-O 8.
Bc7 Qe7 9. Bd6 Bxd6 10. Qxd6 Qd8 11. O-O-O a6 12. Nd4 Qb6 13. Nxc6 bxc6 14. f3
Ne8 15. Qd4 Qxd4 16. Rxd4 d5 17. Na4 Rb8 18. Nc5 Nc7 19. Be2 f6 20. c3 Kf7 21.
f4 Ke7 22. Bf3 Kd6 23. b4 a5 24. e5+ fxe5 25. fxe5+ Kxe5 26. bxa5 Rb5 27. Nb3 c5
28. Rh4 h6 29. c4 Rb4 30. Nxc5 Kd6 31. Na4 Na6 32. Nb6 Bb7 33. Rg4 Rf7 34. Kc2
Rc7 35. Re1 g5 36. h4 Rc5 37. hxg5 Rxa5 38. gxh6 Rxa2+ 39. Kc1 Nc5 40. Be2 Rbb2
41. Rg3 Ne4 42. Bd3 Nd2 43. c5+ Kc7 44. Bg6 Ne4 45. Rxe4 dxe4 46. h7 Rf2 47. Kb1
Rae2 48. Rc3 Ba6 49. Na8+ Kb7 50. Bxe4+ Rxe4 51. h8=Q Re1+ 0-1

[Event "WY Girls-U18"]
[Site "Porto Carras GRE"]
[Date "2010.10.24"]
[Round "6.12"]
[White "Endress, Anna"]
[Black "Mamatkulova, Maftuna"]
[Result "1-0"]
[WhiteElo "2160"]
[BlackElo "2007"]
[WhiteFideId "24629472"]
[BlackFideId "14202816"]
[EventDate "2010.10.20"]

1. e4 c6 2. d4 d5 3. Nc3 dxe4 4. Nxe4 Bf5 5. Ng3 Bg6 6. h4 h6 7. h5 Bh7 8. Nf3
e6 9. Bd3 Bxd3 10. Qxd3 Nd7 11. Bf4 Qa5+ 12. Bd2 Qc7 13. O-O-O Ngf6 14. Ne4
O-O-O 15. g3 Nxe4 16. Qxe4 Nf6 17. Qe2 Bd6 18. c4 Qe7 19. Kb1 Kb8 20. Ne5 Ka8
21. f4 Ne8 22. Rhe1 Nf6 23. g4 Rdf8 24. a3 Qe8 25. Rh1 Ng8 26. Bc3 Ne7 27. Nd3
Rhg8 28. Rde1 Nc8 29. Rhf1 Qd8 30. Nc5 Qc7 31. Qf3 Nb6 32. b3 Nc8 33. Ka2 Rd8
34. Ne4 c5 35. Nxd6 Qxd6 36. Rd1 f6 37. Qf2 cxd4 38. Rxd4 Qc7 39. Rfd1 Ne7 40.
Qd2 Nc6 41. Rd6 Rxd6 42. Qxd6 Qxd6 43. Rxd6 Re8 44. g5 Kb8 45. gxf6 gxf6 46.
Bxf6 Kc7 47. Be5 Nxe5 48. fxe5 Rf8 49. Rxe6 Rf5 50. Rxh6 Rxe5 51. Rh8 Re2+ 52.
Kb1 Rh2 53. Kc1 b6 54. Kd1 Kb7 55. Ke1 1-0

[Event "WY Girls-U18"]
[Site "Porto Carras GRE"]
[Date "2010.10.26"]
[Round "7.1"]
[White "Kazimova, Narmin Nizami qizi"]
[Black "Cori T., Deysi"]
[Result "1-0"]
[WhiteTitle "WIM"]
[BlackTitle "WGM"]
[WhiteElo "2260"]
[BlackElo "2368"]
[WhiteFideId "13402951"]
[BlackFideId "3801934"]
[EventDate "2010.10.20"]

1. Nf3 c5 2. c4 Nc6 3. d4 cxd4 4. Nxd4 e6 5. Nc3 Nf6 6. g3 Qb6 7. Nb3 Ne5 8. e4
Bb4 9. Qe2 Qc6 10. Bd2 d6 11. f4 Ned7 12. Bg2 Bxc3 13. Bxc3 e5 14. O-O-O b6 15.
Qd3 O-O 16. Qxd6 Qxc4 17. fxe5 Ng4 18. Qd5 Qxd5 19. exd5 Ndxe5 20. d6 Rb8 21. h3
Ne3 22. Bxe5 Bd7 23. Bf3 Rfe8 24. Bc3 Nxd1 25. Rxd1 Rbd8 26. Nd4 Re3 27. Nc6
Rde8 28. Ne7+ Kh8 29. Bg4 f5 30. Nxf5 Rxc3+ 31. bxc3 Rc8 32. Kb2 h5 33. Ne7 1-0

[Event "WY Girls-U18"]
[Site "Porto Carras GRE"]
[Date "2010.10.26"]
[Round "7.2"]
[White "Iordanidou, Zoi"]
[Black "Vo, Thi Kim Phung"]
[Result "1/2-1/2"]
[BlackTitle "WIM"]
[WhiteElo "2152"]
[BlackElo "2147"]
[WhiteFideId "4209192"]
[BlackFideId "12401838"]
[EventDate "2010.10.20"]

1. e4 c5 2. Nf3 Nc6 3. d4 cxd4 4. Nxd4 Nf6 5. Nc3 d6 6. Bg5 e6 7. Qd2 a6 8.
O-O-O h6 9. Nxc6 bxc6 10. Bf4 d5 11. Qe3 Be7 12. Be2 O-O 13. h4 Nh7 14. Qg3 Kh8
15. Bd3 Nf6 16. Bc7 Qd7 17. Be5 Qb7 18. Qf4 Ng8 19. Qg3 Bf6 20. Bxf6 Nxf6 21. e5
Nd7 22. Rde1 a5 23. Qf4 Qb4 24. Qg3 Ba6 25. a3 Qb7 26. Bxa6 Rxa6 27. f4 Rb8 28.
Nd1 c5 29. Qf2 c4 30. Rh3 Rc6 31. Qd4 Nc5 32. Ree3 Ne4 33. Rxe4 dxe4 34. Qxe4
Qd7 35. Rc3 Qd5 36. Qe2 Rd8 37. Rf3 Qd4 38. g4 Rc7 39. Nc3 Rcd7 40. Rf2 Qc5 41.
Qf3 Qb6 42. g5 Qb7 43. Qh3 Rb8 44. Nd1 Qe4 45. Qf1 Rbd8 46. Nc3 Qe3+ 47. Kb1 Rb8
48. Rf3 Qb6 49. Qc1 h5 50. a4 Qc6 51. Rg3 g6 52. Nb5 Kg7 53. Qe1 Qd5 54. Nd6 Qd4
55. Qc3 Qd1+ 56. Ka2 Rb4 57. b3 cxb3+ 58. cxb3 Rd4 59. Rg2 Rd3 60. Qc2 Qf3 61.
Rf2 Qd5 62. Ne8+ Kf8 63. Nf6 Qb7 64. Nxd7+ Qxd7 65. Qc5+ Kg7 66. Qxa5 Qd4 67.
Rc2 Qxf4 68. Qa7 Qb4 69. Rb2 Rh3 70. Qf2 Rd3 71. Qf1 Qc3 72. Qf4 Rf3 73. Qh2 Rf1
74. Qe2 Qc1 75. b4 Re1 76. Qc2 Qa1+ 77. Kb3 Re3+ 78. Kc4 Qf1+ 79. Kc5 Rxe5+ 80.
Kb6 Rd5 81. Qc3+ Kg8 82. b5 Qf4 83. a5 Qb8+ 84. Ka6 Qa8+ 85. Kb6 Rd7 86. Qe5
Qd8+ 87. Kc5 Rd5+ 88. Qxd5 Qxd5+ 89. Kb6 Qd4+ 90. Ka6 Qxb2 91. b6 Qe5 92. b7 Qb8
93. Kb6 e5 94. a6 e4 95. a7 Qd6+ 96. Kb5 Qd5+ 97. Kb6 Qb3+ 98. Ka6 Qe6+ 99. Kb5
Qd5+ 100. Kb6 Qd4+ 101. Ka6 Qc4+ 102. Kb6 Qb4+ 103. Kc6 Qc3+ 104. Kb6 Qd4+ 105.
Ka6 Qd6+ 106. Kb5 1/2-1/2

[Event "WY Girls-U18"]
[Site "Porto Carras GRE"]
[Date "2010.10.26"]
[Round "7.3"]
[White "Bezgodova, Maria"]
[Black "Bulmaga, Irina"]
[Result "1/2-1/2"]
[WhiteTitle "WFM"]
[BlackTitle "WIM"]
[WhiteElo "2170"]
[BlackElo "2267"]
[WhiteFideId "24111260"]
[BlackFideId "13903063"]
[EventDate "2010.10.20"]

1. e4 c6 2. d3 d5 3. Nd2 e5 4. Ngf3 Bd6 5. d4 exd4 6. exd5 cxd5 7. Nxd4 Nc6 8.
Bb5 Ne7 9. O-O O-O 10. Nxc6 bxc6 11. Bd3 Bf5 12. Nf3 Bg6 13. b3 Qc7 14. Re1 Rad8
15. h3 Nf5 16. Bb2 Rfe8 17. Qd2 f6 18. Rxe8+ Rxe8 19. c4 Qf7 20. Rd1 Ne7 21.
cxd5 Bxd3 22. Qxd3 Nxd5 23. Qc4 Rc8 24. Nd4 Nb6 25. Qxf7+ Kxf7 26. Nf5 Bf8 27.
Ne3 Be7 28. Kf1 g6 29. Ke2 Ke6 30. f4 Nd5 31. Kf3 Nxe3 32. Kxe3 Rd8 33. Rc1 c5
34. Ba3 Rd5 35. Bb2 h5 36. Rc4 Kf5 37. g3 Rd1 38. Ra4 Rd7 39. Ra5 Ke6 40. Ra6+
Bd6 41. Ra4 f5 42. Rc4 Kd5 43. Kf3 Re7 44. Rc1 Re4 45. Bf6 Ke6 46. Bd8 Rd4 47.
Re1+ Kf7 48. Re2 Rd3+ 49. Re3 Rd2 50. Re2 Rxe2 51. Kxe2 Ke6 52. Kd3 Kd5 53. h4
a6 54. a4 Bb8 55. Bb6 Kc6 56. Ba5 Kd5 1/2-1/2

[Event "WY Girls-U18"]
[Site "Porto Carras GRE"]
[Date "2010.10.26"]
[Round "7.4"]
[White "Rakhmangulova, Anastasiya"]
[Black "Tsatsalashvili, Keti"]
[Result "1/2-1/2"]
[BlackTitle "WIM"]
[WhiteElo "2153"]
[BlackElo "2266"]
[WhiteFideId "14117479"]
[BlackFideId "13603434"]
[EventDate "2010.10.20"]

1. e4 c5 2. Nf3 d6 3. Bc4 e6 4. Qe2 a6 5. d3 b5 6. Bb3 Bb7 7. O-O Nc6 8. c3 Nf6
9. d4 cxd4 10. cxd4 Na5 11. Bc2 d5 12. e5 Ne4 13. Ne1 h6 14. f3 Ng5 15. f4 Ne4
16. Nc3 Nxc3 17. bxc3 g6 18. Qg4 Qd7 19. a4 bxa4 20. Rxa4 Nc4 21. h4 h5 22. Qg3
Bc6 23. Ra1 a5 24. Nf3 Be7 25. Ng5 Rg8 26. Qf3 Rg7 27. Re1 Kd8 28. f5 gxf5 29.
Qxh5 Kc7 30. Bf4 Ba3 31. Bxf5 Bb2 32. Qh6 Rxg5 33. Qxg5 Bxc3 34. Red1 Bxa1 35.
Rxa1 a4 36. h5 Na5 37. h6 Nb3 38. Ra3 Nxd4 39. Bd3 Qd8 40. Qxd8+ Rxd8 41. Bg5
Rh8 42. Bb1 Nf5 43. Rh3 Nxh6 44. Bxh6 d4 45. Bc1 Rg8 46. g3 Rb8 47. Ba2 Bd5 48.
Rh2 d3 49. Ba3 Kc6 50. Rd2 Bxa2 51. Rxa2 Kd5 52. Bd6 Rb1+ 53. Kf2 f6 54. Ke3
fxe5 55. Be7 e4 56. Rxa4 Re1+ 57. Kd2 Re2+ 58. Kd1 Rg2 59. Bf6 Rg1+ 60. Kd2 Rg2+
61. Kd1 Rg1+ 62. Kd2 Rg2+ 63. Kd1 Rf2 64. Rd4+ Kc5 65. Be5 Rf1+ 66. Kd2 Rf5 67.
Rxe4 Kd5 68. Kxd3 Rf3+ 69. Re3 Rxe3+ 70. Kxe3 Kxe5 71. g4 Kf6 1/2-1/2

[Event "WY Girls-U18"]
[Site "Porto Carras GRE"]
[Date "2010.10.26"]
[Round "7.5"]
[White "Havlikova, Kristyna"]
[Black "Hoang, Thi Nhu Y"]
[Result "1/2-1/2"]
[WhiteTitle "WIM"]
[BlackTitle "WIM"]
[WhiteElo "2318"]
[BlackElo "2214"]
[WhiteFideId "309672"]
[BlackFideId "12401455"]
[EventDate "2010.10.20"]

1. e4 c6 2. d4 d5 3. f3 Nf6 4. e5 Nfd7 5. f4 c5 6. Nf3 cxd4 7. Nxd4 Nc5 8. Nc3
e6 9. Be3 Nc6 10. Qd2 Bd7 11. Bd3 Nxd4 12. Bxd4 a6 13. a3 Qc7 14. O-O Nxd3 15.
cxd3 Bc5 16. Bxc5 Qxc5+ 17. d4 Qb6 18. f5 O-O-O 19. fxe6 Qxe6 20. b4 Rhf8 21. a4
f6 22. exf6 Rxf6 23. Rxf6 Qxf6 24. Nxd5 Qd6 25. Ne3 Bc6 26. b5 Be4 27. Rd1 axb5
28. axb5 Qb6 29. Qc1+ Qc7 30. Qa3 Kb8 31. Qb2 Qf4 32. Nc4 Bd5 33. Ne5 Qe3+ 34.
Kh1 Bb3 35. Qd2 Qe4 36. Qd3 Qxd3 37. Rxd3 Ba4 38. b6 Rd6 39. h4 Rxb6 40. Kh2 Rd6
41. Kg3 b5 42. Kf4 Kb7 43. Ke3 b4 44. Rd2 Ka6 45. d5 Kb5 46. Nf7 Rd7 47. Ne5 Rd6
48. Nf7 Rd7 49. Ne5 Rd6 50. Ke4 1/2-1/2

[Event "WY Girls-U18"]
[Site "Porto Carras GRE"]
[Date "2010.10.26"]
[Round "7.6"]
[White "Bhakti, Kulkarni"]
[Black "Warakomska, Anna"]
[Result "1-0"]
[WhiteTitle "CM"]
[BlackTitle "WFM"]
[WhiteElo "2294"]
[BlackElo "2188"]
[WhiteFideId "5019516"]
[BlackFideId "1130790"]
[EventDate "2010.10.20"]

1. d4 d5 2. c4 c6 3. Nf3 Nf6 4. e3 Bg4 5. cxd5 Bxf3 6. Qxf3 cxd5 7. Nc3 Nc6 8.
Bd3 e6 9. O-O a6 10. Qe2 Bd6 11. f4 O-O 12. Bd2 Qe7 13. Be1 Nd7 14. f5 Nb4 15.
Bb1 e5 16. f6 Nxf6 17. Bh4 exd4 18. Bxf6 Qxe3+ 19. Qxe3 dxe3 20. Bd4 Rfe8 21.
Re1 Nc6 22. Bb6 d4 23. Ne2 g6 24. a3 Be5 25. Bc2 Re7 26. Rad1 Rd7 27. Be4 f5 28.
Bxc6 bxc6 29. Nxd4 c5 30. Nc6 Rxd1 31. Rxd1 Bxb2 32. Bxc5 Re8 33. Rd8 Rxd8 34.
Nxd8 f4 35. Kf1 g5 36. Ke2 h6 37. Kf3 Kh7 38. g3 Be5 39. Nf7 Bc7 40. Bd6 g4+ 41.
Ke2 f3+ 42. Kxe3 Bb6+ 43. Kd2 h5 44. Be7 Kg6 45. Nd6 Bc5 46. a4 Bb4+ 47. Kd1 Bc5
48. Ke1 Bb4+ 49. Kf2 Bc5+ 50. Kf1 Bd4 51. a5 Be5 52. Nb7 Bc3 53. Bd8 Bd4 54. Bb6
Be5 55. Nc5 h4 56. Nxa6 hxg3 57. hxg3 Bxg3 58. Nc7 Bh2 59. Kf2 Kf5 60. a6 Kf4
61. Ne6+ Kf5 62. Nd4+ 1-0

[Event "WY Girls-U18"]
[Site "Porto Carras GRE"]
[Date "2010.10.26"]
[Round "7.7"]
[White "Stetsko, Lanita"]
[Black "Haast, Anne"]
[Result "1/2-1/2"]
[WhiteTitle "FM"]
[BlackTitle "WIM"]
[WhiteElo "2148"]
[BlackElo "2256"]
[WhiteFideId "13505300"]
[BlackFideId "1017292"]
[EventDate "2010.10.20"]

1. c4 e5 2. Nc3 Nf6 3. g3 d5 4. cxd5 Nxd5 5. Bg2 Nb6 6. Nf3 Nc6 7. O-O Be7 8. d3
O-O 9. a3 Be6 10. b4 f6 11. Rb1 a5 12. b5 Nd4 13. Nd2 Qc8 14. e3 Nf5 15. Qc2 Rd8
16. Bb2 Nh6 17. Rfe1 Bf8 18. Rbc1 Nf7 19. Ne2 Qd7 20. d4 Qxb5 21. Bxb7 Rab8 22.
Bc6 Qa6 23. a4 Bb4 24. Bc3 Nd5 25. Bb5 Qa8 26. Bxb4 Nxb4 27. Qxc7 Ng5 28. e4 Rb7
29. Qc5 Rc8 30. Qd6 Rd8 31. Qc5 Rc8 1/2-1/2

[Event "WY Girls-U18"]
[Site "Porto Carras GRE"]
[Date "2010.10.26"]
[Round "7.9"]
[White "Pavlidou, Ekaterini"]
[Black "Endress, Anna"]
[Result "0-1"]
[WhiteTitle "WIM"]
[WhiteElo "2191"]
[BlackElo "2160"]
[WhiteFideId "4213262"]
[BlackFideId "24629472"]
[EventDate "2010.10.20"]

1. d4 d5 2. c4 c6 3. Nf3 e6 4. Nc3 dxc4 5. e3 b5 6. a4 Bb4 7. Bd2 a5 8. axb5
Bxc3 9. Bxc3 cxb5 10. b3 Bb7 11. d5 Nf6 12. bxc4 b4 13. Bxf6 Qxf6 14. Qa4+ Kf8
15. Nd4 exd5 16. Qb5 Qe7 17. cxd5 Qc7 18. Bc4 Bc8 19. Rd1 Ba6 20. d6 Qxc4 21.
Qe5 Ra7 22. Qxa5 Nc6 23. Qb6 Qc3+ 24. Rd2 Bd3 25. Nb3 Qxb3 26. f3 Qc3 0-1

[Event "WY Girls-U18"]
[Site "Porto Carras GRE"]
[Date "2010.10.26"]
[Round "7.10"]
[White "Travkina, Anastasia"]
[Black "Semenova, Elena"]
[Result "0-1"]
[WhiteTitle "WFM"]
[BlackTitle "WFM"]
[WhiteElo "2189"]
[BlackElo "2135"]
[WhiteFideId "24129151"]
[BlackFideId "24125148"]
[EventDate "2010.10.20"]

1. e4 e5 2. Nf3 Nc6 3. Bb5 a6 4. Bxc6 dxc6 5. O-O Bd6 6. d4 exd4 7. Qxd4 f6 8.
Nbd2 Be6 9. Nb3 Ne7 10. Nc5 Bc8 11. Qc4 Ng6 12. b4 a5 13. Bb2 Qe7 14. e5 fxe5
15. Rfe1 Qf7 16. Qxf7+ Kxf7 17. Bxe5 Nxe5 18. Nxe5+ Bxe5 19. Rxe5 Re8 20. Rxe8
Kxe8 21. Re1+ Kf7 22. a3 Bf5 23. c3 axb4 24. axb4 Ra3 25. Nxb7 Rxc3 26. f3 Rc4
27. Kf2 Rxb4 28. Nd8+ Kf6 29. Nxc6 Rc4 30. Ne5 Rc2+ 31. Kg3 c5 32. h4 c4 33. Kf4
h6 34. h5 Rxg2 35. Nxc4 Rh2 36. Ne5 Rxh5 37. Ng4+ Kf7 38. Ra1 Be6 39. Ra7+ Kg8
40. Re7 Ba2 41. Rb7 Rc5 42. Rb2 Be6 43. Rb6 Bd5 44. Nxh6+ gxh6 45. Rxh6 Kg7 46.
Rd6 Kf7 47. Ke3 Ke7 48. Rh6 Ra5 49. f4 Ra4 50. Rh5 Kd6 51. Re5 Bc6 52. Rf5 Re4+
53. Kd3 Bd5 54. Rf6+ Kc5 55. Rf8 Ra4 56. Rc8+ Bc6 57. Rf8 Ra3+ 58. Ke2 Kd4 59.
Kf2 Ke4 60. Kg2 Bd7 61. Kf2 Bf5 62. Re8+ Kxf4 63. Re2 Be4 64. Rb2 Rg3 65. Kf1
Rh3 66. Rb4 Rh2 67. Rb3 Bf3 68. Ke1 Re2+ 69. Kf1 Kg3 70. Rd3 Re8 71. Rc3 Rd8 72.
Rc1 Rd2 73. Ke1 Re2+ 74. Kf1 Re3 75. Rb1 Be4 76. Rd1 Bg2+ 77. Kg1 Bf3 78. Rc1
Re5 79. Kf1 Bg2+ 80. Kg1 Rh5 0-1